| 000 | 00000nam##2200000za#4500 |
| 001 | 9.673970 |
| 003 | CaOODSP |
| 005 | 20200818140127 |
| 007 | ta |
| 008 | 150407|2014||||xxc||||| f|0| 0 fre|d |
| 020 | |a978-1-100-54769-5 |
| 040 | |aCaOODSP|bfre |
| 041 | |aeng |
| 041 | |afre |
| 043 | |an-cn--- |
| 086 | 1 |aFs154-35/2014 |
| 110 | 2 |aGarde côtière canadienne. |
| 245 | 10|aNavire de patrouille semi-hauturier NGCC Constable Carrière / |cpublié par [la] Direction des communications, Pêches et Océans Canada, Région du Centre et de l'Arctique. |
| 260 | |aOttawa - Ontario : |bPêches et Océans Canada. |c2014. |
| 300 | |a1 feuille pliée, [4]p. ; |c14 cm. |
| 563 | |aDépliant |
| 590 | |a15-13|b2015-03-27 |
| 791 | |tMid-Shore Patrol Vessel CCGS Constable Carrière / |eeng|w(CaOODSP)9.673969 |